000 00195nam a2200073Ia 4500
008 170817s9999 xx 000 0 und d
100 _aTyagi.G.S.D
245 0 _aBhartiya Shiksha Ke Samasyayein
260 _bAgarwal Prakashan Agara
999 _c39502
_d39502